00698nam a2200181 4500001000700000003000900007005001700016008004100033040002000074245006900094260008000163300002400243490005000267505004600317700002600363830005000389852007700439154131ES-MaACL20230906205533.0941229s1886 gw |||| | lat d aEUS bspa cEUS00aFormulae Merowingici et Karolini Aevi / cedidit Karolus Zeumer. aHannoverae : bImpensis Bibliopolii Hahniani, c1886 (fTypis Culemannorum) aXX, 782 p. ; 32 cm.1 aMonumenta Germaniae Historica. Legum Sectio V8 aContiene además: Ordines iudiciorum dei11aZeumer, Carl, ed.lit.0 aMonumenta Germaniae Historica. Legum Sectio V aES-MaACLjD-8808 z-- Enc. pasta española conservando la cub. original